| 000 | 00435nam a22001817a 4500 | ||
|---|---|---|---|
| 003 | CEME | ||
| 005 | 20210628203928.0 | ||
| 008 | 210309b xxu||||| |||| 00| 0 eng d | ||
| 020 | _a0-03-050793-6 | ||
| 040 | _c. | ||
| 082 | _a621.3192 SHA | ||
| 100 |
_aShaw, Alan W _967883 |
||
| 245 | _aLogic circuit design | ||
| 260 |
_aNEWYORK _bSAUNDERS _c1993 |
||
| 300 | _a702P | ||
| 650 |
_aLOGIC CIRCUIT DESIGN _967884 |
||
| 942 |
_cBK _2ddc |
||
| 999 |
_c575574 _d575574 |
||